<?xml version="1.0" encoding="UTF-8"?><?xml-stylesheet type="text/xsl" href="static/style.xsl"?><OAI-PMH xmlns="http://www.openarchives.org/OAI/2.0/" xmlns:xsi="http://www.w3.org/2001/XMLSchema-instance" xsi:schemaLocation="http://www.openarchives.org/OAI/2.0/ http://www.openarchives.org/OAI/2.0/OAI-PMH.xsd"><responseDate>2026-04-17T23:16:08Z</responseDate><request verb="GetRecord" identifier="oai:riubu.ubu.es:10259/161" metadataPrefix="marc">https://riubu.ubu.es/oai/request</request><GetRecord><record><header><identifier>oai:riubu.ubu.es:10259/161</identifier><datestamp>2022-04-26T11:42:11Z</datestamp><setSpec>com_10259_2699</setSpec><setSpec>col_10259_2713</setSpec></header><metadata><record xmlns="http://www.loc.gov/MARC21/slim" xmlns:doc="http://www.lyncode.com/xoai" xmlns:xsi="http://www.w3.org/2001/XMLSchema-instance" xmlns:dcterms="http://purl.org/dc/terms/" xsi:schemaLocation="http://www.loc.gov/MARC21/slim http://www.loc.gov/standards/marcxml/schema/MARC21slim.xsd">
<leader>00925njm 22002777a 4500</leader>
<datafield tag="042" ind1=" " ind2=" ">
<subfield code="a">dc</subfield>
</datafield>
<datafield tag="720" ind1=" " ind2=" ">
<subfield code="a">Brabo, Jesus de Nazaré Cardoso</subfield>
<subfield code="e">author</subfield>
</datafield>
<datafield tag="260" ind1=" " ind2=" ">
<subfield code="c">2011</subfield>
</datafield>
<datafield tag="520" ind1=" " ind2=" ">
<subfield code="a">Estudio que han investigado las actitudes y discursos de profesores brasileños ante la Pedagogía y pedagogos, utilizando como marco teórico de análisis la Teoría de las Representaciones Sociales y la Teoría del Conflicto Intergrupo. Se utilizaron datos de cuatro muestras distintas de profesores, pedagogos y estudiantes de cursos de licenciatura, que respondieron voluntariamente a los cuestionarios y entrevistas elaborados. Los indicadores estadísticos calculados a partir de los datos recogidos sugieren que una parcela de los profesores presenta una tendencia actitudinal negativa con relación a la pedagogía y a los pedagogos. Mientras que el análisis de las entrevistas sugiere la existencia de un posible sistema de representación subyacente a las declaraciones, en forma de estereotipos negativos de la figura del pedagogo, y apoyados en la convicción de la existencia de un distanciamiento entre teoría y práctica - el núcleo central de la supuesta representación social. ______________________ This research study was conducted attempting to understand the origins and mechanisms subjacent to professional conflicts between teachers and pedagogues, through the analysis of attitudes and discourses of science teachers regarding Pedagogy, using the Social Representations Theory and the Intergroup Conflict Theory as theoretical frameworks. Data were gathered from four different samples of teachers, pedagogues, and students of a teacher preparation course, who voluntarily answered questionnaires and interviews. Statistical indexes obtained from the collected data suggest that a significant portion of the teachers present a negative attitude towards pedagogy and pedagogues. Whereas the analysis of the interviews suggests the existence of a possible representational system subjacent to their discourses externalized in the form of negative stereotypes of the pedagogue’s image, supported by a conviction of the existence of a lag between theory and practice – the central nucleus of the supposed social representation.</subfield>
</datafield>
<datafield tag="024" ind2=" " ind1="8">
<subfield code="a">http://hdl.handle.net/10259/161</subfield>
</datafield>
<datafield tag="024" ind2=" " ind1="8">
<subfield code="a">10.36443/10259/161</subfield>
</datafield>
<datafield ind1=" " ind2=" " tag="653">
<subfield code="a">Profesores de ciencias</subfield>
</datafield>
<datafield ind1=" " ind2=" " tag="653">
<subfield code="a">Pedagogía</subfield>
</datafield>
<datafield ind1=" " ind2=" " tag="653">
<subfield code="a">Representaciones Sociales</subfield>
</datafield>
<datafield ind1=" " ind2=" " tag="653">
<subfield code="a">Conflicto Intergrupo</subfield>
</datafield>
<datafield ind1=" " ind2=" " tag="653">
<subfield code="a">Estereotipos</subfield>
</datafield>
<datafield ind1=" " ind2=" " tag="653">
<subfield code="a">Science Teachers</subfield>
</datafield>
<datafield ind1=" " ind2=" " tag="653">
<subfield code="a">Pedagogy</subfield>
</datafield>
<datafield ind1=" " ind2=" " tag="653">
<subfield code="a">Social Representations</subfield>
</datafield>
<datafield ind1=" " ind2=" " tag="653">
<subfield code="a">Intergroup Conflict</subfield>
</datafield>
<datafield ind1=" " ind2=" " tag="653">
<subfield code="a">Stereotypes</subfield>
</datafield>
<datafield tag="245" ind1="0" ind2="0">
<subfield code="a">Contenido y estructura de representaciones sociales sobre pedagogía y pedagogos en profesores de ciencias</subfield>
</datafield>
</record></metadata></record></GetRecord></OAI-PMH>